| 000 | 01395nam a2200445 a 4500 | ||
|---|---|---|---|
| 003 | AR-BaBNM | ||
| 005 | 20251128203524.0 | ||
| 008 | 082120s2002 ||||||||||||||000 | spa|| | ||
| 040 | _cAR-BaBNM | ||
| 245 | 0 | 0 |
_aTratado de sociología _bsociología política, sociología de las obras de civilización, psicología colectiva y psicología social, sociología y etnología _n2 |
| 260 |
_aBuenos Aires _bKapelusz _c1963 |
||
| 300 | _a543 p. | ||
| 490 | 0 | _aUniversitaria. Filosofía y ciencias sociales | |
| 504 | _aContiene bibliografía al final de cada capítulo | ||
| 650 | 4 | _aSOCIOLOGIA CULTURAL | |
| 650 | 4 | _aSOCIOLOGIA POLITICA | |
| 650 | 4 | _aSOCIOLOGIA DEL ARTE | |
| 650 | 4 | _aPSICOLOGIA SOCIAL | |
| 650 | 4 | _aSISTEMAS SOCIALES | |
| 650 | 4 | _aPROCESOS SOCIALES | |
| 650 | 4 | _aSISTEMAS POLITICOS | |
| 650 | 4 | _aPARTIDOS POLITICOS | |
| 650 | 4 | _aREPRESENTACION POLITICA | |
| 650 | 4 | _aSISTEMAS ELECTORALES | |
| 650 | 4 | _aETNOLOGIA | |
| 650 | 4 | _aPSICOANALISIS | |
| 700 | 1 |
_aGurvitch, Georges _edirector |
|
| 700 | 1 | _aBalandier, Georges | |
| 700 | 1 | _aBastide, Roger | |
| 700 | 1 | _aBourricaud, François | |
| 700 | 1 | _aDuverger, Maurice | |
| 700 | 1 | _aFrancastel, Pierre | |
| 700 | 1 | _aGranai, Georges | |
| 700 | 1 | _aLefebvre, Henri | |
| 700 | 1 | _aMemmi, Albert | |
| 700 | 1 | _aPiaget, Jean | |
| 700 | 1 |
_aEguibar, María C. _etraductor |
|
| 942 | _cBK | ||
| 998 | _csilvi | ||
| 999 |
_c3771 _d3771 |
||